| 000 | 00564nam a2200193Ia 4500 | ||
|---|---|---|---|
| 003 | IN-BaIIA | ||
| 008 | 211028s9999 xx 000 0 eng d | ||
| 040 | _cIIA Library | ||
| 080 |
_a621.38 _bMAL |
||
| 100 |
_aMalhotra, D. R. _913618 |
||
| 245 | 0 |
_aEngineering mechanics and strength of materials _cD. R. Malhotra |
|
| 250 | _a3rd ed. | ||
| 260 |
_aNew Delhi _bSatya Prakashan _c1983 |
||
| 300 | _a548p. | ||
| 650 |
_aMechanical properties _95370 |
||
| 650 | _aMechanics | ||
| 650 | _aNASA thesaurus | ||
| 942 | _cBK | ||
| 999 |
_c8067 _d8067 |
||